[Event "4NCL Online Division 5"]
[Site "online"]
[Date "2020.11.17"]
[Round "7.41"]
[White "Marsh, Roger D W"]
[Black "Hughes, Colin"]
[Result "1/2-1/2"]
[WhiteElo "1952"]
[BlackElo "1817"]
[PlyCount "139"]
[EventDate "2020.11.17"]
[WhiteTeam "Wessex Some Stars D"]
[BlackTeam "Uxbridge Knights B"]

1. d4 Nf6 2. c4 e6 3. Nc3 d6 4. e4 Be7 5. g3 Nbd7 6. Bg2 c6 7. Nf3 Qc7 8. O-O
O-O 9. h3 Re8 10. Be3 e5 11. Qc2 Rb8 12. dxe5 dxe5 13. Bxa7 Ra8 14. Be3 b6 15.
Rfd1 Bb7 16. a3 Ba6 17. Nd2 Rab8 18. b4 b5 19. Bf1 Qb7 20. c5 Qc7 21. Nf3 h6
22. Rd3 Nf8 23. Rad1 Bc8 24. Ne1 Be6 25. f4 Ra8 26. fxe5 Qxe5 27. Bf4 Qh5 28.
Qe2 Rxa3 29. Qxh5 Nxh5 30. Ne2 Ra2 31. R3d2 Rea8 32. Be5 Ng6 33. Bc3 Bg5 34.
Rxa2 Rxa2 35. Ra1 Be3+ 36. Kh2 Rxa1 37. Bxa1 Bd2 38. Nc2 Bc4 39. Ncd4 Bxb4 40.
g4 Nf6 41. Nxc6 Bxc5 42. Bxf6 gxf6 43. Ng3 Bxf1 44. Nxf1 Ne5 45. Na5 Kg7 46.
Nb3 Bb6 47. Kg3 Bc7 48. Kf2 Kg6 49. Ng3 Kg5 50. Nf5 h5 51. gxh5 Kxh5 52. Ke3
Bb6+ 53. Kd2 Kg5 54. Kc3 Kf4 55. Kb4 Kxe4 56. Kxb5 Kxf5 57. Kxb6 Kg5 58. Kc5
Nd3+ 59. Kd6 f5 60. Ke7 Ne5 61. h4+ Kxh4 62. Kf6 f4 63. Kxe5 f3 64. Kf4 f2 65.
Nd2 Kh3 66. Kf3 f5 67. Kxf2 Kg4 68. Nf1 f4 69. Ne3+ fxe3+ 70. Kxe3 1/2-1/2

[Event "4NCL Online Division 5"]
[Site "online"]
[Date "2020.11.17"]
[Round "7.42"]
[White "Price, Michael C"]
[Black "Chilton, James I"]
[Result "0-1"]
[WhiteElo "1747"]
[BlackElo "1892"]
[PlyCount "60"]
[EventDate "2020.11.17"]
[WhiteTeam "Uxbridge Knights B"]
[BlackTeam "Wessex Some Stars D"]

1. e4 c5 2. Nf3 e6 3. c3 a6 4. d4 cxd4 5. cxd4 Bb4+ 6. Nc3 d5 7. e5 Nc6 8. Be2
b5 9. O-O Nge7 10. a4 Bxc3 11. bxc3 b4 12. cxb4 Nxb4 13. Nd2 O-O 14. Nb3 Nec6
15. Nc5 f6 16. f4 fxe5 17. fxe5 Rxf1+ 18. Bxf1 Qh4 19. Be3 Ra7 20. Ra3 Rf7 21.
Be2 Nc2 22. g3 Nxe3 23. Rxe3 Qxd4 24. Qxd4 Nxd4 25. Bxa6 Bxa6 26. Nxa6 Ra7 27.
Nc5 Ra5 28. Nb7 Rxa4 29. Nd6 g6 30. Rb3 Nxb3 0-1

[Event "4NCL Online Division 5"]
[Site "online"]
[Date "2020.11.17"]
[Round "7.43"]
[White "Clancy, Martin J"]
[Black "Knight, David"]
[Result "1-0"]
[WhiteElo "1870"]
[BlackElo "1705"]
[PlyCount "77"]
[EventDate "2020.11.17"]
[WhiteTeam "Wessex Some Stars D"]
[BlackTeam "Uxbridge Knights B"]

1. e4 e6 2. d4 d5 3. Nd2 Nf6 4. e5 Nfd7 5. Bd3 c5 6. c3 Nc6 7. Ngf3 cxd4 8.
cxd4 Be7 9. a3 O-O 10. O-O f6 11. Qc2 f5 12. b4 a6 13. Bxa6 Qb6 14. Bd3 Nxd4
15. Nxd4 Qxd4 16. Bb2 Qf4 17. Rae1 Nb6 18. g3 Qh6 19. Bd4 Nd7 20. f4 Rxa3 21.
Ra1 Bxb4 22. Rxa3 Bxa3 23. Ra1 Bb4 24. Nf3 b6 25. Bb5 Bc5 26. Bxd7 Bxd4+ 27.
Nxd4 Bxd7 28. Qc7 Be8 29. Qxb6 Bf7 30. Ra7 Re8 31. Qc7 Qh5 32. Kg2 Qg6 33. Nf3
h6 34. Qd7 Kh7 35. Qxf7 Qxf7 36. Rxf7 Kg6 37. Rd7 Ra8 38. Nd4 Ra2+ 39. Kh3 1-0

[Event "4NCL Online Division 5"]
[Site "online"]
[Date "2020.11.17"]
[Round "7.44"]
[White "Knight, Daniel"]
[Black "Coburn, Joseph A"]
[Result "1/2-1/2"]
[WhiteElo "1705"]
[BlackElo "1802"]
[PlyCount "129"]
[EventDate "2020.11.17"]
[WhiteTeam "Uxbridge Knights B"]
[BlackTeam "Wessex Some Stars D"]

1. d4 d6 2. Nf3 Nf6 3. c4 g6 4. Bg5 Bg7 5. Nc3 c6 6. h3 Qa5 7. Qd2 Nbd7 8. Bh6
Bxh6 9. Qxh6 Ne4 10. Qc1 Ndf6 11. a3 Nxc3 12. Qxc3 Qxc3+ 13. bxc3 Ne4 14. Rc1
c5 15. e3 Bd7 16. Bd3 Nf6 17. O-O O-O 18. Rb1 b6 19. Rfe1 Rfe8 20. Kf1 e5 21.
Nd2 e4 22. Be2 Re7 23. Rb2 h5 24. Kg1 Rae8 25. Nf1 h4 26. f4 exf3 27. Bxf3 Ne4
28. Bxe4 Rxe4 29. Kf2 g5 30. Nd2 R4e7 31. Nf3 f6 32. Rbe2 Bf5 33. Rb2 Kg7 34.
a4 Bd3 35. Nd2 f5 36. Nf3 Kg6 37. a5 f4 38. exf4 Rxe1 39. Nxe1 Bxc4 40. fxg5 b5
41. dxc5 dxc5 42. Nf3 Kh5 43. Rd2 Re6 44. Rd7 a6 45. Rh7+ Kg6 46. Rxh4 Kg7 47.
Rf4 Re2+ 48. Kg3 Rc2 49. Rf5 b4 50. Rxc5 Rxc3 51. Kf4 b3 52. Rc7+ Kg8 53. Nd2
b2 54. Rb7 Bb5 55. h4 Rc2 56. Nb1 Rc1 57. Na3 b1=Q 58. Nxb1 Rxb1 59. h5 Rb4+
60. Ke5 Rg4 61. Kf6 Rf4+ 62. Ke5 Rc4 63. Rb8+ Kg7 64. Rb7+ Kg8 65. Rb8+ 1/2-1/2

[Event "4NCL Online Division 5"]
[Site "online"]
[Date "2020.11.17"]
[Round "7.51"]
[White "Butina, Darko"]
[Black "Wicks, Ben"]
[Result "1/2-1/2"]
[WhiteElo "1460"]
[BlackElo "1412"]
[PlyCount "72"]
[EventDate "2020.11.17"]
[WhiteTeam "Broken Herts"]
[BlackTeam "St Albans 4"]

1. d4 d5 2. Bf4 c5 3. e3 Nc6 4. Nc3 a6 5. h4 cxd4 6. exd4 Bf5 7. f3 h6 8. h5 e6
9. Bd3 Nxd4 10. Nge2 Bxd3 11. Qxd3 Nxe2 12. Nxe2 Bd6 13. O-O-O Bxf4+ 14. Nxf4
Ne7 15. g4 Nc6 16. Qc3 Qg5 17. Qd2 O-O 18. Nd3 f6 19. Rhf1 Qxd2+ 20. Rxd2 e5
21. c3 d4 22. c4 Na5 23. b3 Rac8 24. Rc2 Nc6 25. Re1 a5 26. a3 Rfe8 27. Kb2 e4
28. fxe4 Ne5 29. Nxe5 Rxe5 30. Rd2 Rd8 31. a4 Kf7 32. Kc2 g6 33. hxg6+ Kxg6 34.
Kd3 Rg5 35. Rg2 h5 36. Reg1 Kh6 1/2-1/2

[Event "4NCL Online Division 5"]
[Site "online"]
[Date "2020.11.17"]
[Round "7.52"]
[White "Maton, James J"]
[Black "Williams, Graham"]
[Result "1-0"]
[WhiteElo "1370"]
[BlackElo "1450"]
[PlyCount "91"]
[EventDate "2020.11.17"]
[WhiteTeam "St Albans 4"]
[BlackTeam "Broken Herts"]

1. d4 Nf6 2. c4 e6 3. Nf3 Bb4+ 4. Bd2 Qe7 5. g3 Bxd2+ 6. Nbxd2 h6 7. Bg2 O-O 8.
O-O c6 9. e4 Nh7 10. Qc2 Na6 11. a3 Nc7 12. e5 f5 13. exf6 Nxf6 14. Ne5 Qe8 15.
Ne4 Nh7 16. Nd6 Qd8 17. Rae1 Ne8 18. c5 Nxd6 19. cxd6 b6 20. Ng6 Ba6 21. Ne7+
Kh8 22. Be4 Bxf1 23. Bxh7 Bh3 24. Bg8 Bf5 25. Nxf5 Rxf5 26. g4 Qg5 27. Kh1 Rxg8
28. gxf5 Qxf5 29. Qxf5 exf5 30. Re7 Rd8 31. Kg2 Kg8 32. Kf3 g6 33. Kf4 a6 34.
Ke5 a5 35. Kf6 g5 36. Kg6 g4 37. Kxh6 Rf8 38. Rg7+ Kh8 39. Rxd7 c5 40. Rh7+ Kg8
41. Rg7+ Kh8 42. d7 Rf6+ 43. Kg5 Rd6 44. Re7 Rxd4 45. Re8+ Kg7 46. d8=Q 1-0

[Event "4NCL Online Division 5"]
[Site "online"]
[Date "2020.11.17"]
[Round "7.53"]
[White "Huhn, Robert M"]
[Black "Feldman, Keith"]
[Result "1-0"]
[WhiteElo "1442"]
[BlackElo "1330"]
[PlyCount "59"]
[EventDate "2020.11.17"]
[WhiteTeam "Broken Herts"]
[BlackTeam "St Albans 4"]

1. c4 Nf6 2. Nc3 e5 3. Nf3 Nc6 4. g3 Bb4 5. Bg2 Bxc3 6. bxc3 d5 7. cxd5 Nxd5 8.
Ba3 Nde7 9. O-O O-O 10. d4 e4 11. Ng5 f5 12. Qb3+ Nd5 13. Bxf8 Kxf8 14. Nxh7+
Kg8 15. Ng5 Kf8 16. Nh3 Na5 17. Qa3+ Qe7 18. Qxa5 c6 19. Qc5 Qxc5 20. dxc5 Nxc3
21. Nf4 g5 22. Ng6+ Kg7 23. Ne5 Nxe2+ 24. Kh1 Nd4 25. Rad1 Ne6 26. f3 Nxc5 27.
fxe4 Kf6 28. Ng4+ Kg7 29. exf5 Bd7 30. f6+ 1-0

[Event "4NCL Online Division 5"]
[Site "online"]
[Date "2020.11.17"]
[Round "7.54"]
[White "Harris, Stuart"]
[Black "Cooper, John L"]
[Result "0-1"]
[WhiteElo "1150"]
[BlackElo "1225"]
[PlyCount "44"]
[EventDate "2020.11.17"]
[WhiteTeam "St Albans 4"]
[BlackTeam "Broken Herts"]

1. e4 c5 2. Nc3 e6 3. Bc4 Nf6 4. Nf3 Nc6 5. d3 d5 6. exd5 exd5 7. Bb5 Bd7 8.
Bg5 Be7 9. Bxf6 Bxf6 10. Nxd5 O-O 11. c3 Bg4 12. h3 Re8+ 13. Ne3 Bd7 14. O-O
Ne5 15. Bxd7 Qxd7 16. Nxe5 Bxe5 17. Qf3 Re6 18. Ng4 Bc7 19. Qxb7 Rb8 20. Qxa7
Qd6 21. b3 h5 22. Ne3 Qh2# 0-1

[Event "4NCL Online Division 5"]
[Site "online"]
[Date "2020.11.17"]
[Round "7.61"]
[White "Dilukshan, Manoharan"]
[Black "Gill, Veer"]
[Result "1-0"]
[WhiteElo "1480"]
[BlackElo "1225"]
[PlyCount "187"]
[EventDate "2020.11.17"]
[WhiteTeam "Harrow 4"]
[BlackTeam "Hatch End B"]

1. e4 e6 2. Nf3 d5 3. e5 c5 4. d4 Nc6 5. Bb5 a6 6. Bxc6+ bxc6 7. O-O Nh6 8.
Bxh6 gxh6 9. c3 c4 10. Nbd2 Bg7 11. Rb1 O-O 12. b3 cxb3 13. Nxb3 f6 14. Qe2 a5
15. Rfe1 Ba6 16. Qd1 Bb5 17. Nc5 Re8 18. Nd2 Qe7 19. Qg4 fxe5 20. a4 exd4 21.
Nxe6 Bd3 22. Rbc1 dxc3 23. Rxc3 h5 24. Qg3 Qf6 25. Rxc6 Rac8 26. Rxc8 Rxc8 27.
Nxg7 Bg6 28. Nxh5 Qb2 29. Nf3 Rc1 30. h3 Rxe1+ 31. Nxe1 Qe2 32. Nf3 Qd1+ 33.
Kh2 Qxa4 34. Qb8+ Kf7 35. Qb7+ Ke6 36. Qb6+ Ke7 37. Qc5+ Ke6 38. Ng3 Qb4 39.
Qe3+ Be4 40. Ng5+ Ke5 41. N5xe4 dxe4 42. Qg5+ Kd4 43. Qg7+ Kd3 44. Qxh7 a4 45.
Qd7+ Kc3 46. Ne2+ Kb3 47. Qd5+ Kb2 48. Qe5+ Kb3 49. Nc1+ Kc2 50. Qa1 Qb1 51.
Qxa4+ Kxc1 52. Qc4+ Kd2 53. h4 Qd3 54. Qa2+ Kc3 55. h5 Qd6+ 56. g3 Qh6 57. Qe2
Kd4 58. Qe3+ Qxe3 59. fxe3+ Kxe3 60. Kg2 Kd2 61. h6 e3 62. h7 e2 63. h8=Q e1=Q
64. Qd4+ Kc2 65. Qf2+ Qxf2+ 66. Kxf2 Kd3 67. Kf3 Kd4 68. Kf4 Kd5 69. Kf5 Kd6
70. Kf6 Kd7 71. g4 Ke8 72. Kg7 Ke7 73. g5 Ke8 74. g6 Ke7 75. Kh8 Kf8 76. g7+
Kf7 77. g8=Q+ Kf6 78. Qf8+ Kg6 79. Qe7 Kf5 80. Qd6 Ke4 81. Qc5 Kd3 82. Qb4 Ke3
83. Kg7 Kd3 84. Kf6 Ke3 85. Kf5 Kd3 86. Ke5 Ke3 87. Qc3+ Kf2 88. Qd3 Kg2 89.
Kf4 Kh2 90. Kg4 Kg2 91. Qc2+ Kf1 92. Kg3 Ke1 93. Kf3 Kf1 94. Qf2# 1-0

[Event "4NCL Online Division 5"]
[Site "online"]
[Date "2020.11.17"]
[Round "7.62"]
[White "Shah, Ashok"]
[Black "Nettleton, Robin"]
[Result "0-1"]
[WhiteElo "1210"]
[BlackElo "1335"]
[PlyCount "80"]
[EventDate "2020.11.17"]
[WhiteTeam "Hatch End B"]
[BlackTeam "Harrow 4"]

1. e4 e5 2. Nf3 Nc6 3. d4 Nxd4 4. Nxe5 Ne6 5. f4 Qf6 6. g3 Bd6 7. Bc4 Bxe5 8.
fxe5 Qxe5 9. Nc3 Nf6 10. O-O Qc5+ 11. Kg2 Qxc4 12. e5 Qc6+ 13. Kg1 Qc5+ 14. Rf2
Qxe5 15. h4 Qxg3+ 16. Rg2 Qxh4 17. Qe2 O-O 18. Bg5 Nxg5 19. Rf1 Nh3+ 20. Kh1
Nf4+ 21. Rh2 Nxe2 22. Rxh4 Nxc3 23. Rf3 Nxa2 24. Rg3 Re8 25. Rgh3 h6 26. Rg3
Kh7 27. Rf4 Nh5 28. Rxf7 Nxg3+ 29. Kg2 Nh5 30. Kh3 d6+ 31. Kh4 Nf6 32. Kg3 Re3+
33. Kf4 Re4+ 34. Kf3 Bg4+ 35. Kg3 Rae8 36. Kh4 Be6+ 37. Kg3 Bxf7 38. Kf3 Re3+
39. Kf4 R8e4+ 40. Kf5 Bg6# 0-1

[Event "4NCL Online Division 5"]
[Site "online"]
[Date "2020.11.17"]
[Round "7.63"]
[White "Walker, David J R"]
[Black "Smyth, Peter"]
[Result "1-0"]
[WhiteElo "1240"]
[BlackElo "1000"]
[PlyCount "91"]
[EventDate "2020.11.17"]
[WhiteTeam "Harrow 4"]
[BlackTeam "Hatch End B"]

1. d4 Nc6 2. c4 e5 3. e3 Bd6 4. Nc3 Qf6 5. Nf3 Nge7 6. a3 Ng6 7. Bd3 Be7 8. O-O
exd4 9. exd4 d6 10. Nd5 Qe6 11. Nxc7+ Kf8 12. Nxe6+ fxe6 13. Bg5 Bxg5 14. Nxg5
e5 15. d5 Nd4 16. Re1 Nf4 17. g3 Nh3+ 18. Kg2 Nxg5 19. g4 h5 20. Bf5 Nxf5 21.
gxf5 Bxf5 22. h4 Nh3 23. Qf3 g6 24. Re3 Nf4+ 25. Kf1 g5 26. hxg5 h4 27. Ke1 h3
28. Kd2 h2 29. Rh1 Rh3 30. Qd1 Rh4 31. Rg3 Kg7 32. f3 Rah8 33. Qf1 Bd3 34. Qf2
Bxc4 35. Rg4 Nd3 36. Qg3 Rh3 37. Qg2 R8h4 38. Rxh4 Rxh4 39. Rxh2 Rd4 40. Qh3
Nxb2+ 41. Kc3 Na4+ 42. Kc2 b5 43. Qh6+ Kf7 44. Qe6+ Kg7 45. Qf6+ Kg8 46. Rh8#
1-0

[Event "4NCL Online Division 5"]
[Site "online"]
[Date "2020.11.17"]
[Round "7.71"]
[White "Ethelontis, Alexandros N"]
[Black "Brooks, Daniel"]
[Result "1-0"]
[WhiteElo "2140"]
[BlackElo "1495"]
[PlyCount "101"]
[EventDate "2020.11.17"]
[WhiteTeam "Barnet Knights A"]
[BlackTeam "Uxbridge Bombers B"]

1. c4 e6 2. g3 d5 3. Bg2 Nf6 4. Nf3 Be7 5. O-O O-O 6. b3 Nbd7 7. Bb2 c6 8. Qc2
b6 9. d3 Bb7 10. Nbd2 Rc8 11. Rac1 Qc7 12. Qb1 Qb8 13. Qa1 Bd6 14. Rfd1 e5 15.
e3 Rfe8 16. Nh4 Nc5 17. Nf1 g6 18. d4 Ncd7 19. cxd5 cxd5 20. dxe5 Rxc1 21. Rxc1
Nxe5 22. Rd1 Ne4 23. Nd2 f5 24. Nhf3 Nd3 25. Bh8 Be5 26. Bxe5 Nxe5 27. Nxe5
Qxe5 28. Qxe5 Rxe5 29. Nf3 Re8 30. Rc1 Rc8 31. Rxc8+ Bxc8 32. Nd4 Bb7 33. Bf1
Kf8 34. Bd3 Ke7 35. f3 Nc5 36. Bc2 Ne6 37. Nxe6 Kxe6 38. Kf2 Kd6 39. h4 Kc5 40.
a3 Bc8 41. Bd3 Bd7 42. b4+ Kd6 43. Ke2 a5 44. Kd2 a4 45. Kc3 b5 46. Kd4 Bc6 47.
h5 Be8 48. h6 Bc6 49. g4 Bd7 50. gxf5 gxf5 51. f4 1-0

[Event "4NCL Online Division 5"]
[Site "online"]
[Date "2020.11.17"]
[Round "7.72"]
[White "Gauri, Dhairye"]
[Black "Willmoth, Robert F"]
[Result "0-1"]
[WhiteElo "1412"]
[BlackElo "2200"]
[PlyCount "46"]
[EventDate "2020.11.17"]
[WhiteTeam "Uxbridge Bombers B"]
[BlackTeam "Barnet Knights A"]

1. e4 c5 2. Nf3 Nc6 3. d4 cxd4 4. Nxd4 Nf6 5. Nc3 e5 6. Nxc6 bxc6 7. Bg5 Rb8 8.
b3 Bb4 9. Qd3 Qa5 10. Bd2 O-O 11. Be2 d5 12. exd5 cxd5 13. a3 Bf5 14. Qg3 Rbc8
15. Nb1 Bxd2+ 16. Nxd2 Rxc2 17. b4 Qc7 18. Nb3 Rc3 19. Qg5 Rxb3 20. Qxf5 Qc3+
21. Kd1 Qxa1+ 22. Kc2 Rb2+ 23. Kd3 Qxa3# 0-1

[Event "4NCL Online Division 5"]
[Site "online"]
[Date "2020.11.17"]
[Round "7.73"]
[White "Rasalingam, Haran"]
[Black "Hasan, Abu"]
[Result "1-0"]
[WhiteElo "2065"]
[BlackElo "1412"]
[PlyCount "35"]
[EventDate "2020.11.17"]
[WhiteTeam "Barnet Knights A"]
[BlackTeam "Uxbridge Bombers B"]

1. e4 e5 2. f4 Nc6 3. Nf3 f6 4. Bc4 Nge7 5. Nc3 Na5 6. Be2 d5 7. exd5 Nxd5 8.
fxe5 Nf4 9. O-O Bc5+ 10. d4 Nxe2+ 11. Nxe2 Bb6 12. exf6 Be6 13. fxg7 Rg8 14.
Nf4 Bg4 15. Re1+ Kf7 16. Ne5+ Kxg7 17. Qxg4+ Kh8 18. Nf7# 1-0

[Event "4NCL Online Division 5"]
[Site "online"]
[Date "2020.11.17"]
[Round "7.74"]
[White "Martellotta, Gabriele"]
[Black "Kesterson, Kennan"]
[Result "0-1"]
[WhiteElo "1367"]
[BlackElo "1982"]
[PlyCount "80"]
[EventDate "2020.11.17"]
[WhiteTeam "Uxbridge Bombers B"]
[BlackTeam "Barnet Knights A"]

1. d4 Nf6 2. c4 g6 3. f3 Bg7 4. e3 O-O 5. Bd3 d6 6. Ne2 e5 7. O-O Nc6 8. Nbc3
Nd7 9. Be4 f5 10. Bd5+ Kh8 11. Bxc6 bxc6 12. b3 c5 13. Nd5 c6 14. Ndc3 cxd4 15.
exd4 exd4 16. Nxd4 Qf6 17. Nde2 Bb7 18. Rb1 Rae8 19. Rb2 Nb6 20. Rd2 d5 21.
cxd5 Nxd5 22. Nxd5 cxd5 23. Bb2 Qb6+ 24. Kh1 Bxb2 25. Rxb2 Ba6 26. Re1 Qe3 27.
Rd2 Re6 28. Rxd5 Rfe8 29. Rd8 Bxe2 30. Qa1+ Kg8 31. Rd7 Re5 32. h3 R8e7 33.
Rd8+ Kf7 34. b4 Qf2 35. a3 Bxf3 36. Rg1 Bxg2+ 37. Rxg2 Re1+ 38. Qxe1 Rxe1+ 39.
Kh2 Qf4+ 40. Rg3 Re2+ 0-1

[Event "4NCL Online Division 5"]
[Site "online"]
[Date "2020.11.17"]
[Round "7.81"]
[White "Lonsdale, Jon I"]
[Black "George, Seb"]
[Result "1-0"]
[WhiteElo "1922"]
[BlackElo "1150"]
[PlyCount "101"]
[EventDate "2020.11.17"]
[WhiteTeam "Manchester Manticores 2"]
[BlackTeam "Watford Juniors B"]

1. e4 Nf6 2. e5 Nd5 3. d4 e6 4. c4 Nb6 5. Nc3 c5 6. d5 exd5 7. cxd5 d6 8. Nf3
dxe5 9. Nxe5 Bd6 10. Nc4 O-O 11. Be3 Nxc4 12. Bxc4 Nd7 13. h3 Ne5 14. Be2 Bf5
15. O-O c4 16. b3 Qh4 17. Qd4 Qxd4 18. Bxd4 cxb3 19. axb3 b6 20. Nb5 Bb8 21.
Bxb6 Bd7 22. Nxa7 Bxa7 23. Rxa7 Rxa7 24. Bxa7 Ra8 25. Bd4 f6 26. Rb1 Be8 27.
Bxe5 fxe5 28. Bc4 Bf7 29. Re1 Re8 30. Ra1 Rd8 31. Ra5 Kf8 32. Kf1 Ke7 33. Ke2
Kf6 34. Ke3 Kf5 35. g4+ Kg5 36. Ke4 Kf6 37. g5+ Kxg5 38. Kxe5 Kh4 39. d6 Re8+
40. Kd4 Bg6 41. d7 Rd8 42. Be6 Be8 43. Rd5 Bg6 44. Ke5 Kg5 45. f4+ Kh6 46. Kd6
Ra8 47. Ke7 Ra7 48. b4 Be4 49. Rd4 Bc6 50. Kd6 Bxd7 51. Bxd7 1-0

[Event "4NCL Online Division 5"]
[Site "online"]
[Date "2020.11.17"]
[Round "7.83"]
[White "Potter, Steven"]
[Black "Holland, Nicolas"]
[Result "1-0"]
[WhiteElo "1832"]
[BlackElo "1150"]
[PlyCount "57"]
[EventDate "2020.11.17"]
[WhiteTeam "Manchester Manticores 2"]
[BlackTeam "Watford Juniors B"]

1. d4 e6 2. e4 d5 3. e5 c5 4. Nf3 Nc6 5. c3 c4 6. Be2 Nge7 7. Bg5 h6 8. Bh4 Qd7
9. O-O Nf5 10. Bg3 Be7 11. Nbd2 Nxg3 12. fxg3 b6 13. Nh4 Bxh4 14. gxh4 Ba6 15.
Qc2 O-O-O 16. Qa4 Bb7 17. b4 a5 18. bxa5 bxa5 19. Rab1 Rhf8 20. Rb2 Kb8 21.
Rfb1 Rc8 22. Rxb7+ Qxb7 23. Rxb7+ Kxb7 24. Bxc4 dxc4 25. Nxc4 Ra8 26. Qb5+ Kc7
27. Qb6+ Kd7 28. Qb7+ Kd8 29. Qxa8+ 1-0

[Event "4NCL Online Division 5"]
[Site "online"]
[Date "2020.11.17"]
[Round "7.84"]
[White "Keerthi Kumar, Advait"]
[Black "Sheppard, Daniel C"]
[Result "0-1"]
[WhiteElo "1150"]
[BlackElo "1832"]
[PlyCount "56"]
[EventDate "2020.11.17"]
[WhiteTeam "Watford Juniors B"]
[BlackTeam "Manchester Manticores 2"]

1. d4 Nf6 2. Bf4 d5 3. c3 c6 4. e3 Bf5 5. Bd3 e6 6. Bxf5 exf5 7. Nf3 Nbd7 8.
Nbd2 Ne4 9. O-O Be7 10. Ne5 Nf8 11. Qh5 g6 12. Qh6 Ne6 13. Ndf3 Bf8 14. Qh3 Qf6
15. Ne1 Nd2 16. N1d3 Nxf4 17. Nxf4 Nxf1 18. Rxf1 Bd6 19. Ned3 O-O-O 20. b3 h5
21. Qf3 g5 22. Nxh5 Rxh5 23. Qxh5 Rh8 24. Qe2 Bxh2+ 25. Kh1 Bg3+ 26. Kg1 Rh1+
27. Kxh1 Qh6+ 28. Kg1 Qh2# 0-1

[Event "4NCL Online Division 5"]
[Site "online"]
[Date "2020.11.17"]
[Round "7.91"]
[White "Deland, Stephen"]
[Black "Gibson, Stephen"]
[Result "1-0"]
[WhiteElo "1420"]
[BlackElo "1502"]
[PlyCount "91"]
[EventDate "2020.11.17"]
[WhiteTeam "St Albans 3"]
[BlackTeam "Sheffield Deaf"]

1. e4 e6 2. d3 b5 3. Nf3 a6 4. g3 Bb7 5. Bg2 d6 6. O-O Be7 7. Re1 Nf6 8. c3 O-O
9. Nbd2 Nbd7 10. Nb3 c5 11. Be3 Ng4 12. Qd2 Nxe3 13. Qxe3 Nf6 14. Nbd2 Qc7 15.
Rac1 h6 16. d4 c4 17. e5 Nd5 18. Qe2 Rad8 19. exd6 Bxd6 20. Ne4 Be7 21. Ne5 Nf6
22. Nxf6+ Bxf6 23. Bxb7 Qxb7 24. Qe4 Qxe4 25. Rxe4 Bxe5 26. Rxe5 Rd6 27. f4
Rfd8 28. Kf2 Kf8 29. h4 Rd5 30. Rce1 Ke7 31. Rxd5 Rxd5 32. Re5 Kf6 33. Kf3 Rxe5
34. fxe5+ Kf5 35. g4+ Kg6 36. Kf4 f6 37. h5+ Kf7 38. exf6 Kxf6 39. Ke4 a5 40.
Kf4 g6 41. hxg6 Kxg6 42. Ke5 Kg5 43. Kxe6 Kxg4 44. d5 h5 45. d6 h4 46. d7 1-0

[Event "4NCL Online Division 5"]
[Site "online"]
[Date "2020.11.17"]
[Round "7.92"]
[White "Cooper, Howard"]
[Black "Gemmell, Adam"]
[Result "0-1"]
[WhiteElo "1375"]
[BlackElo "1382"]
[PlyCount "94"]
[EventDate "2020.11.17"]
[WhiteTeam "Sheffield Deaf"]
[BlackTeam "St Albans 3"]

1. d4 Nf6 2. Nf3 g6 3. Bf4 Bg7 4. e3 d6 5. Bd3 O-O 6. O-O Re8 7. Nbd2 Bg4 8. c3
Nbd7 9. Qb3 e5 10. dxe5 dxe5 11. Bc4 exf4 12. Bxf7+ Kh8 13. Bxe8 Qxe8 14. exf4
Nb6 15. Ne5 Be6 16. Qc2 Nbd5 17. Nd3 Bf5 18. Rfe1 Qd7 19. Nc4 Nxf4 20. Nce5
Bxd3 21. Nxd3 Qxd3 22. Qxd3 Nxd3 23. Re2 Re8 24. Kf1 c5 25. Rd1 c4 26. b3 b5
27. b4 Rxe2 28. Kxe2 Ne4 29. Kf3 Nxc3 30. Rd2 Bd4 31. a3 Nb1 32. Re2 Nxa3 33.
Re8+ Kg7 34. Re7+ Kh6 35. Ke4 c3 36. Kxd4 c2 37. Rc7 c1=Q 38. Rxc1 Nxc1 39. Kc5
Nd3+ 40. Kc6 Nxf2 41. Kb7 Ng4 42. h3 Ne3 43. g3 Nf5 44. g4 Ne3 45. Kxa7 Kg5 46.
Ka6 Kh4 47. Kb6 Kxh3 0-1

[Event "4NCL Online Division 5"]
[Site "online"]
[Date "2020.11.17"]
[Round "7.93"]
[White "Claret, Ray R"]
[Black "Cooper, Darci"]
[Result "1-0"]
[WhiteElo "1450"]
[BlackElo "1300"]
[PlyCount "65"]
[EventDate "2020.11.17"]
[WhiteTeam "St Albans 3"]
[BlackTeam "Sheffield Deaf"]

1. Nf3 d5 2. d4 Bg4 3. e3 c6 4. Be2 e6 5. Nc3 Nf6 6. Ne5 Bxe2 7. Qxe2 Bb4 8.
Bd2 O-O 9. O-O b6 10. a3 Bd6 11. f4 c5 12. Nf3 Nc6 13. Be1 cxd4 14. exd4 Bxf4
15. Bh4 Qe7 16. Rad1 e5 17. Nxd5 Qd6 18. dxe5 Nxe5 19. Nxf6+ gxf6 20. Rxd6 Ng4
21. Rd4 Rfe8 22. Qd3 Be3+ 23. Kh1 Bxd4 24. Qxd4 Ne3 25. Re1 Nxc2 26. Rxe8+ Rxe8
27. Qg4+ Kf8 28. Bxf6 Re6 29. Qf4 Re8 30. h3 Ne1 31. Ne5 Nc2 32. Qh6+ Kg8 33.
Qg7# 1-0

[Event "4NCL Online Division 5"]
[Site "online"]
[Date "2020.11.17"]
[Round "7.94"]
[White "Litherland, Reuben"]
[Black "Branch, Graham"]
[Result "1-0"]
[WhiteElo "1375"]
[BlackElo "1427"]
[PlyCount "119"]
[EventDate "2020.11.17"]
[WhiteTeam "Sheffield Deaf"]
[BlackTeam "St Albans 3"]

1. e4 e6 2. e5 Bc5 3. d4 Bb6 4. c3 d5 5. Nf3 c5 6. dxc5 Bxc5 7. Bb5+ Nc6 8. O-O
Nge7 9. b4 Bb6 10. Bg5 O-O 11. Bxc6 bxc6 12. Nd4 Bb7 13. Na3 Qd7 14. b5 c5 15.
Bxe7 Qxe7 16. Nf3 c4 17. Nd4 Qxa3 18. Qc2 Bxd4 19. cxd4 Rab8 20. Qc1 Qxc1 21.
Rfxc1 Bc8 22. a4 a6 23. Rcb1 axb5 24. Rxb5 Bd7 25. Rxb8 Rxb8 26. Kf1 Rb4 27. a5
Bb5 28. a6 c3+ 29. Ke1 Bc6 30. a7 Ba8 31. Kd1 f5 32. Kc2 Rb6 33. Kxc3 Kf7 34.
f4 Ke7 35. h3 Kd7 36. g4 g6 37. gxf5 gxf5 38. Rg1 Kc6 39. Rg8 Kb7 40. Rg7+ Ka6
41. Rxh7 Bb7 42. h4 Kxa7 43. h5 Rb1 44. Re7 Rf1 45. h6 Rxf4 46. Rxe6 Rh4 47.
Rf6 Rh3+ 48. Kb4 Rh4 49. e6 Rxd4+ 50. Kc3 Rc4+ 51. Kd2 Rc7 52. Rf7 Rc8 53. Rxf5
Rh8 54. Rf6 Rh7 55. Kd3 Re7 56. Kd4 Kb6 57. Ke5 Kc7 58. Rf7 Kd8 59. Rxe7 Kxe7
60. h7 1-0

[Event "4NCL Online Division 5"]
[Site "online"]
[Date "2020.11.17"]
[Round "7.101"]
[White "Isaacs, Ruairi"]
[Black "Moxley, Stephen"]
[Result "0-1"]
[WhiteElo "1465"]
[BlackElo "1697"]
[PlyCount "118"]
[EventDate "2020.11.17"]
[WhiteTeam "Streatham C"]
[BlackTeam "Warley and Quinborne"]

1. d4 f5 2. c4 g6 3. Nc3 Bg7 4. Nf3 d6 5. e3 Nf6 6. Be2 O-O 7. Bd2 Qe8 8. Qc2
a5 9. Bd3 e5 10. e4 f4 11. d5 Na6 12. c5 Nxc5 13. Nb5 Qe7 14. b4 Nxd3+ 15. Qxd3
axb4 16. Bxb4 Ne8 17. Rc1 Rf7 18. O-O g5 19. h3 h5 20. Rfd1 g4 21. hxg4 Bxg4
22. Kf1 h4 23. Rd2 h3 24. gxh3 Bxh3+ 25. Ke2 Bg4 26. Rdc2 Qd8 27. Rc3 Rxa2+ 28.
R1c2 Rxc2+ 29. Qxc2 Bf6 30. Ba5 b6 31. Bb4 Qd7 32. Na7 c5 33. Nc6 cxb4 34. Nxb4
Qb5+ 35. Nd3 Rh7 36. Rb3 Qd7 37. Rxb6 Bxf3+ 38. Kxf3 Rh3+ 39. Ke2 Qg4+ 40. Kd2
f3 41. Rb8 Qd7 42. Qd1 Bg5+ 43. Kc2 Qc7+ 44. Kb1 Qxb8+ 45. Kc2 Qc7+ 46. Kb1
Qb6+ 47. Kc2 Qb5 48. Kc3 Qa5+ 49. Nb4 Qc5+ 50. Kb3 Qc1 51. Qd3 Qd2 52. Qb5 Qd1+
53. Nc2 Qb1+ 54. Ka4 Qxb5+ 55. Kxb5 Rh2 56. Ne1 Rxf2 57. Kc6 Bd2 58. Nd3 Re2
59. Kd7 Kf7 0-1

[Event "4NCL Online Division 5"]
[Site "online"]
[Date "2020.11.17"]
[Round "7.102"]
[White "Lewis, John B"]
[Black "Adatia, Amar"]
[Result "0-1"]
[WhiteElo "1487"]
[BlackElo "1375"]
[PlyCount "48"]
[EventDate "2020.11.17"]
[WhiteTeam "Warley and Quinborne"]
[BlackTeam "Streatham C"]

1. d4 Nf6 2. c4 g6 3. Nc3 Bg7 4. Nf3 d5 5. c5 O-O 6. Bf4 e6 7. e3 b6 8. cxb6
axb6 9. Bd3 c5 10. dxc5 bxc5 11. b3 Nbd7 12. Bd6 Re8 13. O-O Bb7 14. Bb5 Ne4
15. Nxe4 dxe4 16. Ne5 Bxe5 17. Bxd7 Bxa1 18. Bxe8 Ba6 19. Qxa1 Bxf1 20. Qxf1
Qxd6 21. Bb5 Rxa2 22. Qb1 Rd2 23. Qxe4 Rd1+ 24. Bf1 Rxf1+ 0-1